Normal view MARC view
  • Educación intercultural

Entry Materia

Number of records used in: 1

001 - NÚMERO DE CONTROL DEL REGISTRO

  • campo de control: 53438

003 - IDENTIFICADOR DE NUMERO DE CONTROL

  • campo de control: MX-MxUPN

005 - FECHA Y HORA DE LA ÚLTIMA TRANSACCIÓN

  • campo de control: 20240905132033.0

008 - DATOS DE LONGITUD FIJA

  • campo de control de longitud fija: 240905dg fnn|nbabd n ana d

040 ## - FUENTE DE LA CATALOGACIÓN

  • Centro catalogador de origen: MX-MxUPN
  • Lengua de catalogación: spa

150 ## - ENCABEZAMIENTO - TEMÁTICO

  • Término de materia o nombre geográfico como elemento inicial: Educación intercultural
  • Subdivisión geográfica: Santa Fe, Argentina

670 ## - FUENTE EN LA QUE SE LOCALIZARON DATOS

  • Cita de la fuente: Autioridades BGTQ, 5 septiembre 2024 :
  • Información localizada: (Educación intercultural)

670 ## - FUENTE EN LA QUE SE LOCALIZARON DATOS

  • Cita de la fuente: Wikipedia, 5 septiembre 2024 :
  • Información localizada: (Santa Fe es una de las veintitrés provincias que integran la República Argentina)
  • Identificador Uniforme del Recurso: https://es.wikipedia.org/wiki/Provincia_de_Santa_Fe

902 ## - CATALOGADOR

  • Catalogador: VíctorGodínez/050924